An unspeakable practice (Record no. 72646)

MARC details
000 -LEADER
fixed length control field 01281cam a2200241 4500
001 - CONTROL NUMBER
control field ABS66729
008 - FIXED-LENGTH DATA ELEMENTS--GENERAL INFORMATION
fixed length control field 030509n2003 000 0 eng u
035 ## - SYSTEM CONTROL NUMBER
System control number (Sirsi) u122236
100 ## - MAIN ENTRY--PERSONAL NAME
Personal name Edwards, M.
245 #3 - TITLE STATEMENT
Title An unspeakable practice
260 ## - PUBLICATION, DISTRIBUTION, ETC.
Date of publication, distribution, etc. 2003
490 ## - SERIES STATEMENT
Series statement Estates Gazette
Volume/sequential designation (0318) 3 May 2003, 111(1)
520 ## - SUMMARY, ETC.
Summary, etc. Most local planning authorities now allow public speaking at planning committee meetings. Article provides an account of a planning solicitor who objected to development proposals as a member of the public. Explains the procedure for public speakers, highlighting the three minute time limit and describes the solicitor's dismay in finding the time limit rigorously enforced by the chairman. Suggests that local planning authorities must operate this system with more discretion or the public will reject it. Also argues that government guidance for local planning authorities is urgently needed to make the process of planning applications more transparent.
590 ## - LOCAL NOTE (RLIN)
Local note ABS
650 ## - SUBJECT ADDED ENTRY--TOPICAL TERM
Topical term or geographic name entry element PLANNING COMMITTEES
650 ## - SUBJECT ADDED ENTRY--TOPICAL TERM
Topical term or geographic name entry element LOCAL PLANNING AUTHORITIES
650 ## - SUBJECT ADDED ENTRY--TOPICAL TERM
Topical term or geographic name entry element PLANNING APPLICATIONS
650 ## - SUBJECT ADDED ENTRY--TOPICAL TERM
Topical term or geographic name entry element PUBLIC SPEAKING
650 ## - SUBJECT ADDED ENTRY--TOPICAL TERM
Topical term or geographic name entry element PLANNING OBJECTIONS
690 ## - LOCAL SUBJECT ADDED ENTRY--TOPICAL TERM (OCLC, RLIN)
Topical term or geographic name as entry element Planning and development
9 (RLIN) 6259
700 ## - ADDED ENTRY--PERSONAL NAME
Personal name Martin, J.
942 ## - ADDED ENTRY ELEMENTS (KOHA)
Suppress in OPAC 0
Holdings
Withdrawn status Lost status Source of classification or shelving scheme Damaged status Not for loan Home library Current library Shelving location Date acquired Total Checkouts Full call number Barcode Date last seen Copy number Price effective from Koha item type
    Dewey Decimal Classification     London London Journal article 09/05/2003   ABS66729 122236-1001 06/08/2019 1 06/08/2019 Journal article